Welcome to CU Library Online Public Access Catalogue (OPAC)

Understanding behaviors for effective leadership / (Record no. 4638)

MARC details
000 -LEADER
fixed length control field 00810cam a22002534a 4500
001 - CONTROL NUMBER
control field 13832385
005 - DATE AND TIME OF LATEST TRANSACTION
control field 20250310114528.0
008 - FIXED-LENGTH DATA ELEMENTS--GENERAL INFORMATION
fixed length control field 050106s2006 nju b 001 0 eng
020 ## - INTERNATIONAL STANDARD BOOK NUMBER
International Standard Book Number 0131484524
050 00 - LIBRARY OF CONGRESS CALL NUMBER
Classification number HD58.7
Item number .H684 2006
082 00 - DEWEY DECIMAL CLASSIFICATION NUMBER
Classification number 158.7
Edition information 22
100 1# - MAIN ENTRY--PERSONAL NAME
Personal name Howell, Jon P.
245 10 - TITLE STATEMENT
Title Understanding behaviors for effective leadership /
Statement of responsibility, etc. Jon P. Howell, Dan L. Costley.
250 ## - EDITION STATEMENT
Edition statement 2nd ed.
260 ## - PUBLICATION, DISTRIBUTION, ETC.
Place of publication, distribution, etc. Upper Saddle River, N.J. :
Name of publisher, distributor, etc. Pearson Prentice Hall,
Date of publication, distribution, etc. c2006.
300 ## - PHYSICAL DESCRIPTION
Extent xvi, 416 p. ;
Dimensions 24 cm.
650 #0 - SUBJECT ADDED ENTRY--TOPICAL TERM
Topical term or geographic name entry element Organizational behavior.
650 #0 - SUBJECT ADDED ENTRY--TOPICAL TERM
Topical term or geographic name entry element Psychology, Industrial.
650 #0 - SUBJECT ADDED ENTRY--TOPICAL TERM
Topical term or geographic name entry element Supervision of employees.
650 #0 - SUBJECT ADDED ENTRY--TOPICAL TERM
Topical term or geographic name entry element Leadership.
700 1# - ADDED ENTRY--PERSONAL NAME
Personal name Costley, Dan L.
856 41 - ELECTRONIC LOCATION AND ACCESS
Materials specified Table of contents
Uniform Resource Identifier <a href="http://www.loc.gov/catdir/toc/ecip055/2004031091.html">http://www.loc.gov/catdir/toc/ecip055/2004031091.html</a>
942 ## - ADDED ENTRY ELEMENTS (KOHA)
Source of classification or shelving scheme Library of Congress Classification
Koha item type Books
Suppress in OPAC No
999 ## -
-- 4638
-- 4638
Holdings
Withdrawn status Lost status Source of classification or shelving scheme Damaged status Not for loan Collection Home library Current library Shelving location Date acquired Total checkouts Full call number Barcode Date last seen Copy number Price effective from Koha item type
    Library of Congress Classification     Non-fiction Undergraduate Library (Christ Temple) Undergraduate Library (Christ Temple) General stacks 03/10/2025   HD58.7.H684 HOW ulct00001613 03/10/2025 1 03/10/2025 Books
    Library of Congress Classification     Non-fiction Undergraduate Library (Christ Temple) Undergraduate Library (Christ Temple) General stacks 03/10/2025   HD58.7.H684 HOW ulct00001614 03/10/2025 2 03/10/2025 Books
    Library of Congress Classification     Non-fiction Undergraduate Library (Christ Temple) Undergraduate Library (Christ Temple) General stacks 03/10/2025   HD58.7.H684 HOW ulct00001615 03/10/2025 3 03/10/2025 Books
© 2023-2024 Copyright: Central University Libraries. All Rights Reserved | Created by: Mahone Tech Office